| 000 | 01015cab a2200241 4500 | ||
|---|---|---|---|
| 001 | ABS39847 | ||
| 008 | 090401t1988 xxu||||| |||| 00| 0 eng d | ||
| 035 | _a(Sirsi) u19378 | ||
| 041 | _aeng | ||
| 100 | _aMurrells, P. | ||
| 245 | _aUnder guarantee | ||
| 260 | _c1988 | ||
| 350 | _a0 | ||
| 490 |
_aChartered Quantity Surveyor _v11(2) October 1988, 21(2) |
||
| 520 | _aDiscusses the consequences for surveyors who enter into warranty agreements , before taking on a job. Such agreements may either be in the form of a) a collateral warranty , or b) a duty of care agreement, often used to extend the scope of tortious liability . Warns of the implications of such agreements, particularly for professional indemnity insurance . Summarises the terms which give greatest cause for concern to insurers. | ||
| 650 | _aBUILT ENVIRONMENT-BUILDING CONTRACT FORMS | ||
| 650 | _aECONOMIC LOSS | ||
| 650 | _aNEGLIGENCE | ||
| 690 |
_aINSURANCE _96249 |
||
| 700 | _aRous, R. | ||
| 942 | _n0 | ||
| 948 | _c04/03/1997 | ||
| 999 |
_c12930 _d12930 |
||